Volcanoes

Bibliographic Details
Main Author: Potter,Michael
Corporate Author: Title
Format: Book
Published: Kuala Lumpur : Arus Intelek , 2000
Series:Graded Readers for ERLE (English Language Reinforcement and Enrichment)
Subjects:

MARC

LEADER 00000cam a2200000 7i4500
001 0000006516
005 20151222.0
008 070816
020 |a 9831502795 
090 0 0 |a JF   |b NH ENG (6792) 
100 1 |a Potter,Michael 
245 1 0 |a Volcanoes   |c Michael Potter 
260 |a Kuala Lumpur :   |b Arus Intelek ,   |c 2000 
440 0 |a Graded Readers for ERLE (English Language Reinforcement and Enrichment) 
500 |a Children ages 7-9 years old (orange) 
650 0 |a Junior fiction   |x English   |x Languages 
650 0 |a Natural history 
710 0 |a Title 
999 |a 0000985536   |b Book   |c Children Collection   |e Cawangan Mersing 
999 |a 0000985537   |b Book   |c Children Collection   |e Cawangan Pontian 
999 |a 0000985540   |b Book   |c Children Collection   |e Cawangan Taman Universiti 
999 |a 0000990780   |b Book   |c Children Collection   |e Cawangan Batu Pahat 
999 |a 0000990781   |b Book   |c Children Collection   |e Cawangan Pontian 
999 |a 0000990782   |b Book   |c Children Collection   |e Cawangan Taman Sri Lambak 
999 |a 0000990783   |b Book   |c Children Collection   |e Cawangan Bukit Gambir 
999 |a 0000990784   |b Book   |c Children Collection   |e Cawangan Bandar Tenggara 
999 |a 0001146930   |b Book   |c Children Collection   |e Cawangan Segamat 
999 |a 0001146935   |b Book   |c Children Collection   |e Cawangan Bukit Gambir 
999 |a 0001146936   |b Book   |c Children Collection   |e Cawangan Tangkak